Istilah teknik dan vakasional : pertanian:bahasa Inggeris-bahasa Melayu,bahasa Melayu-bahasa Inggeris

Bibliographic Details
Format: Book
Published: Kuala Lumpur : DBP , 1993
Subjects:

MARC

LEADER 00000cam a2200000 7i4500
001 0000003138
002 000003394
005 20000330.0
020 |a 9836234004 
090 0 0 |a 630.3   |b IST 
245 0 0 |a Istilah teknik dan vakasional :   |b pertanian:bahasa Inggeris-bahasa Melayu,bahasa Melayu-bahasa Inggeris 
260 |a Kuala Lumpur :   |b DBP ,   |c 1993 
300 |a 128p. ;   |c 13cm. 
650 0 0 |a Agriculture   |x Dictionaries 
999 |a 036728   |b BUKU   |c PINJAMAN   |e PERPUSTAKAAN KOMUNITI PETALING JAYA